000 00225nam a2200097Ia 4500
008 170619s9999 xx 000 0 und d
100 _aRich and Knight
245 0 _aARTIFICIAL INTELLIGENCE
260 _bMc Graw Hill
260 _c2009
546 _aENGLISH
999 _c18834
_d18834